000 00855nam a22002417a 4500
005 20170503112429.0
010 _aENG-115032
020 _a9789339220846
_c560.00
020 _a9789339220846
_c625.00 (Ashok Vihar)
035 _aEN-98564
035 _aB-666127
037 _bDBAD/PUB
037 _bPragati/Ven.
_adpl
082 _a915.4
100 _aMajid Husain
245 _aGeography of India /
_cby Majid Hussain
250 _a6th ed
260 _aNew Delhi
_bMcGraw Hill Education
_c2015
270 _aP-24, Green Park Extension
_bNew Delhi
_e110016
300 _avarious pagings :
_c24cm(pbk)
_bill.,maps
942 _2ddc
_cEN
_mMAJ
_h915.4
999 _c99373
_d99373